Statistics for Top 10 best TV Programs of all time

Click here to take the quiz!

General Stats

  • This quiz has been taken 112 times
  • The average score is 4 of 10

Answer Stats

Some Characters in the showThe Show% Correct
Bart, Lisa, MargeSimpsons
96%
Joey, Rachel, MonicaFriends
85%
Buffy, Willow, SpikeBuffy the vampire slayer
70%
Tony, Silvio, CarmelaSopranos
50%
Fox, Dana, WalterThe X-files
24%
Boone, Kate, HugoLost
21%
Stringer, Jimmy, OmarThe wire
15%
Jack, Kim, Omar24
14%
Sam, Leo, JoshuaWest wing
4%
Tim, MikeSpaced
0%

Score Distribution

Percentile by Number Answered

Percent of People with Each Score

Your Score History

You have not taken this quiz